000 01326cab a2200265 4500
001 WB3522-15
008 090401t1999 xxu||||| |||| 00| 0 eng d
035 _a(Sirsi) u93847
041 _aeng
245 _aMaladministration
260 _c1999
350 _a0
490 _aEstates Gazette
_v[1999] EGCS 78 (5/6/99)
520 _aR v Parliamentary Commissioner for Administration, ex parte Balchin". QBD 24 May 1999. The applicants owned a house blighted by a proposed bypass and received no compensation. Two reports by the Parliamentary Commissioner found no maladministration by the SoS Transport. Held: the application to quash the second report was upheld. The Commissioner omitted to find whether any DoT officials were aware of the highway authority's discretionary power to acquire property that was seriously affected by the use of a highway constructed or improved by them.
650 _aBLIGHT
650 _aBYPASSES
650 _aHIGHWAYS ACT 1980 S246(2A)
650 _aJUDICIAL REVIEW
650 _aMALADMINISTRATION
650 _aPLANNING AND COMPENSATION ACT 1991 S62
650 _aR V PARLIAMENTARY ADMINISTRATION COMMISSIONER EX P BALCHIN
690 _aENVIRONMENTAL AND LAND CONSULTANCY-PLANNING AND DEVELOPMENT-COMPULSORY PURCHASE AND COMPENSATION
942 _n0
948 _c09/06/1999
999 _c59478
_d59478